Lạc quan để giàu có
Thông qua câu chuyện cuộc đời của cậu bé Giàu, tác giả đem lại những lời khuyên giúp bạn sắp xếp thời gian và đầu tư tiền bạc hợp lí, định hướng cho cuộc sống, làm việc và sáng tạo không ngừng......
Gorde:
| Egile nagusia: | |
|---|---|
| Formatua: | Liburua |
| Hizkuntza: | Undetermined |
| Argitaratua: |
Thành phố Hồ Chí Minh
Trẻ
2006
|
| Gaiak: | |
| Etiketak: |
Etiketa erantsi
Etiketarik gabe, Izan zaitez lehena erregistro honi etiketa jartzen!
|
| Thư viện lưu trữ: | Trung tâm Học liệu Trường Đại học Cần Thơ |
|---|
| LEADER | 00850nam a2200205Ia 4500 | ||
|---|---|---|---|
| 001 | CTU_101459 | ||
| 008 | 210402s9999 xx 000 0 und d | ||
| 020 | |c 13000 | ||
| 082 | |a 150.1 | ||
| 082 | |b H455 | ||
| 100 | |a Hồng Hà | ||
| 245 | 0 | |a Lạc quan để giàu có | |
| 245 | 0 | |c Hồng Hà | |
| 260 | |a Thành phố Hồ Chí Minh | ||
| 260 | |b Trẻ | ||
| 260 | |c 2006 | ||
| 520 | |a Thông qua câu chuyện cuộc đời của cậu bé Giàu, tác giả đem lại những lời khuyên giúp bạn sắp xếp thời gian và đầu tư tiền bạc hợp lí, định hướng cho cuộc sống, làm việc và sáng tạo không ngừng... | ||
| 650 | |a Psychology, applied,Education | ||
| 904 | |i Vương | ||
| 980 | |a Trung tâm Học liệu Trường Đại học Cần Thơ | ||